| 000 -LEADER |
| fixed length control field |
01082nam a22002537a 4500 |
| 008 - FIXED-LENGTH DATA ELEMENTS--GENERAL INFORMATION |
| fixed length control field |
250529b xxu||||| |||| 00| 0 eng d |
| 040 ## - CATALOGING SOURCE |
| Original cataloging agency |
Cagayan State University |
| 082 ## - DEWEY DECIMAL CLASSIFICATION NUMBER |
| Classification number |
791.4372 |
| Item number |
R943 |
| 245 ## - TITLE STATEMENT |
| Title |
Running on Empty / directed by Sidney Lumet ; written by Naomi Foner ; produced by Griffin Dunne and Amy Robinson. |
| 260 ## - PUBLICATION, DISTRIBUTION, ETC. (IMPRINT) |
| Place of publication, distribution, etc |
United States : |
| Name of publisher, distributor, etc |
Warner Bros., |
| Date of publication, distribution, etc |
1988. |
| 300 ## - PHYSICAL DESCRIPTION |
| Extent |
1 videofile, (ca. 116 mins.) : |
| Other physical details |
sound, color. |
| 520 ## - SUMMARY, ETC. |
| Summary, etc |
Follows Mort who discovers he has less than a year to live, and after his fiancé leaves him, he meets Kate in a dating service that matches people by their death dates, all while being stalked by a disturbed pimp. |
| 521 ## - TARGET AUDIENCE NOTE |
| Target audience note |
Rated R for language and sexual content. |
| 546 ## - LANGUAGE NOTE |
| Language note |
In English subtitle. |
| 650 ## - SUBJECT ADDED ENTRY--TOPICAL TERM |
| Topical term or geographic name as entry element |
Comedy. |
| 700 ## - ADDED ENTRY--PERSONAL NAME |
| Personal name |
Lahti, Christine, star. |
| 700 ## - ADDED ENTRY--PERSONAL NAME |
| Personal name |
Hirsch, Judd, star. |
| 700 ## - ADDED ENTRY--PERSONAL NAME |
| Personal name |
Plimpton, Martha, star. |
| 700 ## - ADDED ENTRY--PERSONAL NAME |
| Personal name |
Phoenix, River, star. |
| 700 ## - ADDED ENTRY--PERSONAL NAME |
| Personal name |
Hill, Steven, star. |
| 700 ## - ADDED ENTRY--PERSONAL NAME |
| Personal name |
Fisher, Gerry, Cinematographer. |
| 700 ## - ADDED ENTRY--PERSONAL NAME |
| Personal name |
Mondshein, Andrew, editor. |
| 942 ## - ADDED ENTRY ELEMENTS (KOHA) |
| Source of classification or shelving scheme |
|
| Item type |
Audio-Visual Materials |